1406 1838 1602 1360 1838 1694 1668 1240 1361 1197 1999 1094 1275 1375 1262 1850 1398 1784 1328 1965 1086 1333 1565 1985 1863 1018 1607 1655 1422 1343 1025 1352 1880 1423 1279 1374 1046 1119 1281 1539 1286 1003 1670 1775 1689 1776 1311 1137 1263 1398 1950 1908 1480 1609 1131 1905 1705 1309 1567 1467 1202 1970 1371 1703 1669 1176 1873 1615 1111 1113 1370 1660 1927 1450 1054 1750 1159 1770 1827 1165 1574 1113 1426 1800 1952 1780 1932 1397 1409 1352 1764 1720 1822 1454 1963 1144 1961 1985 1987 BCNSPRNW ULIB Ver.6.0+V

เปลี่ยนเป็นภาษาไทย

Change to English
 แสดงรายละเอียดบรรณานุกรม
  กลับหน้าหลัก

Brief Record : Get Marc (ISO 2709) : E-mail record : QR code < ปิดหน้าต่าง
LEADER : 00000nam 2200000uu 4500
001    13399113413
003     ULIB
008    020711s2553 th a 000 0 tha d
020    ^a9749747519341
099    ^aนว.ก759พ 2550
100    ^aเกตุวดี
245    ^aเพียงถ้าวันนั้น..ฉันจะไม่รักเธอ/^cเกตุวดี
250    ^aพิมพ์ครั้งที่ 1
260    ^aกรุงเทพฯ :^bร้านนครสาส์น,^c2550
300    ^a700 หน้า
710 1  ร้านนครสาส์น
945    ^p330^l0^i022006
995    ทศพร
999 ^a ^aวรรณษา ชูชัยมงคล
รายการนี้ยังไม่มีแท็ก
คุณยังไม่ได้ล็อกอิน คุณสามารถมีกิจกรรมร่วมกับเว็บไซต์ได้ แต่ต้องล็อกอินก่อน ::
  ล็อกอิน

รายการสื่อสารสนเทศ

ลำดับที่ ประเภท เลขเรียก/บาร์โค้ด สถานที่ สถานะ
1. นวนิยาย
นวนิยาย
นว.ก759พ 2550 ฉ.1 
  Barcode: 022006
ห้องสมุดวิทยาเขตสวรรค์ประชารักษ์
►นวนิยาย
บนชั้น
  ขอยืม

BibComment


ยังไม่เคยถูกคอมเมนท์

คอมเมนท์ทรัพยากรรายการนี้
  คอมเมนท์: เพียงถ้าวันนั้นฉ..


 Copyright 2026. Bcnsprnw @Library